| 000 | 00465nam a2200193Ia 4500 | ||
|---|---|---|---|
| 005 | 20240823015337.0 | ||
| 008 | 240823s9999||||xx |||||||||||||| ||und|| | ||
| 020 | _a81-86308-06-7 | ||
| 041 | _aENGLISH | ||
| 082 | _A551 P5 | ||
| 100 | _aBangar K M | ||
| 245 | 0 | _aPrinciples of Engineering Geology | |
| 250 | _a1st | ||
| 260 |
_c2005 _b"Standard Publihers Distributors," |
||
| 500 | _aYES | ||
| 650 |
_aGeology _bMechanical |
||
| 942 | _cBK | ||
| 999 |
_c172207 _d172207 |
||